000 00420nam a22001817a 4500
003 MPLRDC
005 20220104114159.0
008 210129b ||||| |||| 00| 0 eng d
082 _a782.28 FZM
100 _a冯作民 编著
245 _a曹操
_c
250 _a三版
260 _a
_b星光出版社
_c1981
300 _b
490 _a双子星丛书. 75
650 _a中国传记
942 _cBK
_o782.28 FZM
999 _c5456
_d5446